000 00549nam a2200181Ia 4500
999 _c10967
_d10967
003 OSt
005 20200103114743.0
008 190216s9999||||xx |||||||||||||| ||und||
020 _a9780195671131
040 _coclc
082 _a332.0954
_bRED/L
100 _aReddy, Y Venugopal
_9665
245 0 _aLectures On Economic And Financial Reforms In India /
_cY V Reddy
260 _bOxford University Press,
_aNew Delhi:
_c2002.
300 _a237p
650 _aEconomics
942 _cBK
_2ddc
_h332.0954
_iRED/L
_k332.0954
_mRED/L